| 000 | 00503nam a22001817a 4500 | ||
|---|---|---|---|
| 999 |
_c524248 _d524248 |
||
| 003 | NUST | ||
| 038 | _aWaseem | ||
| 082 |
_a891.421 _bSAD |
||
| 100 |
_aSadaf, Sughra _915057 |
||
| 245 |
_aMorakh Mann / _cSughra Sadaf |
||
| 260 |
_aLahore : _bKhazina ilm o Adab, _c2000. |
||
| 300 | _a143 p. ; | ||
| 500 | _aHard cover. | ||
| 880 |
_6100-01\r _aصغرا صدف |
||
| 880 |
_6245-02\r _aمورکھ من / |
||
| 880 |
_6260-03\r _aلاہور : _bخزینہ علم و ادب, _c۲۰۰۰. |
||
| 942 |
_2ddc _cBK |
||